Staré Slovensko v šedivej Európe

Problematika starnutia populácie a zdravotnej starostlivosti o starých ľudí. Súčasný model financovania zdravotníctva z dlhodobého hľadiska neudržateľný. Ponuka poisťovní na zabezpečenie zdravotnej starostlivosti v prípade nesebestačnosti. Rast počtu dôchodcov a riešenie potreby opatrovateľov z rad...

Descrizione completa

Salvato in:
Dettagli Bibliografici
Autore principale: Záborský, Ján
Natura: Capitolo di libro
Lingua:slovacco
Soggetti:
Tags: Aggiungi Tag
Nessun Tag, puoi essere il primo ad aggiungerne!!

MARC

LEADER 00000naa a2200000 4500
001 0174083
005 20231113080950.3
041 0 |a slo 
044 |a SK 
245 1 0 |a Staré Slovensko v šedivej Európe  |c Ján Záborský 
520 |a Problematika starnutia populácie a zdravotnej starostlivosti o starých ľudí. Súčasný model financovania zdravotníctva z dlhodobého hľadiska neudržateľný. Ponuka poisťovní na zabezpečenie zdravotnej starostlivosti v prípade nesebestačnosti. Rast počtu dôchodcov a riešenie potreby opatrovateľov z radov imigrantov. Dobrovoľné zdravotné poistenie. 
610 2 0 |a zdravotníctvo verejné 
610 2 0 |a starostlivosť zdravotná 
610 2 0 |a dôchodcovia 
610 2 0 |a poisťovne 
610 2 0 |a poistenie zdravotné 
610 2 0 |a starnutie populácie 
610 2 0 |a Slovensko 
610 2 0 |a Európa 
100 1 |a Záborský, Ján